000 00261nam a2200109Ia 4500
008 190216s9999||||xx |||||||||||||| ||und||
100 _aMitra
245 0 _aManagement Principles And Practice
260 _bChaterjee Medical Pub
650 _aCommerce
942 _cBK
999 _c4877
_d4877